|
|
|
|
| LEADER |
00973nam a2200241 a 4500 |
| 001 |
GR-Patra16018 |
| 008 |
030915s2000 gr e b 000 0 eng d |
| 020 |
|
|
|a 0849300525
|
| 040 |
|
|
|a GrPaTEI
|b gre
|c GR-PaULI
|
| 040 |
|
|
|a GrPaTEI
|b gre
|c GR-PaULI
|
| 082 |
|
0 |
|a 621.3
|2 21
|
| 245 |
0 |
0 |
|a Mathematics for circuits and filters ; edited by Wai-Kai Chen.
|
| 260 |
|
|
|a Boca Raton :
|b CRC Press,
|c c2000
|
| 300 |
|
|
|a 263σ.
|
| 504 |
|
|
|a Περιλαμβάνει βιβλιογραφικές παραπομπές
|
| 650 |
|
0 |
|a Electric circuits, linear
|x Mathematical models
|
| 650 |
|
0 |
|a Electric engineering
|x Mathematics
|
| 650 |
|
0 |
|a Electric filters
|x Mathematical models
|
| 700 |
1 |
|
|a Chen, Wai - Kai
|
| 942 |
|
|
|2 ddc
|
| 952 |
|
|
|0 0
|1 0
|2 ddc
|4 0
|6 621_300000000000000_MAT
|7 0
|9 295317
|a LISK
|b LISK
|c BSC
|d 2021-01-17
|e 24
|f 0
|g 0.00
|l 0
|o 621.3 MAT
|p 92410017655
|r 2021-01-17 00:00:00
|t 1
|w 2021-01-17
|y BK15
|x 20030915 0 1
|x GrPaTEI
|
| 971 |
|
|
|a .b26635331
|b 15-04-20
|c 23-09-16
|
| 999 |
|
|
|c 172348
|d 172348
|